000 00458nam a22001577a 4500
003 OSt
005 20251124143135.0
008 251124b |||||||| |||| 00| 0 eng d
020 _a978-0-06-208187-2
040 _cCL
100 _aSHEPARD, SARA
245 _aRuthless :
_ba pretty little liars novel /
260 _aNew York :
_bHarper Teen,
_cc2011.
300 _a342 pages ;
_c20 cm. --
_e(# 1 New York Times bestselling series)
942 _2ddc
_cFIC.
_n0
999 _c6101
_d6101